Normal view
MARC view
Entry Geographic Name
001 - CONTROL NUMBER
- control field: 27498
003 - CONTROL NUMBER IDENTIFIER
- control field: dpl
005 - DATE AND TIME OF LATEST TRANSACTION
- control field: 20110427120452.0
008 - FIXED-LENGTH DATA ELEMENTS
- fixed length control field: 110427|||a|||||| | ||| d
040 ## - CATALOGING SOURCE
- Original cataloging agency: dpl
- Transcribing agency: dpl
151 ## - HEADING--GEOGRAPHIC NAME
- Geographic name: India
- General subdivision: History
- Chronological subdivision: British occupation, 1765-1947.
670 ## - SOURCE DATA FOUND
- Source citation: Work cat.: (dpl): Khagram, Sanjeev. 27494, Dams and development : |, 2005
670 ## - SOURCE DATA FOUND
- Source citation: Work cat.: (dpl): Khagram, Sanjeev. 27494, Dams and development : |, 2005
